| 000 | 00595 a2200181 4500 | ||
|---|---|---|---|
| 020 | _c385.00 | ||
| 035 | _aB-77929 | ||
| 037 | _bRP-L-7 / NCP-03-04:SPL CH / RP-03-04:ENG | ||
| 082 | 1 | 4 | _aN |
| 090 |
_c3136 _d3136 |
||
| 100 | 1 | _aBahal, Aniruddha | |
| 245 | 1 |
_aBunker 13 _cby Aniruddha Bahal |
|
| 260 |
_aLondon _bFaber and Faber _c2003 |
||
| 300 |
_aix, 356 p _c22.5 cm (HB) |
||
| 942 |
_adpl _cEN _kN / BAH |
||
| 999 |
_c3075 _d3075 |
||